000 00597nam a2200229 i 4500
001 C2-0216753
003 PPAK
005 20180728105351.0
008 990527s1967 my |||| ||||| | may d
040 _aPPAK
_beng
_cPPAK
_erda
082 0 4 _a899.233
_2 23
090 0 0 _a899.233
_bSAM
_dKSA
100 1 _aSamah, Yahya,
_eauthor
245 1 0 _aSofia
264 1 _aKuala Lumpur :
_bPustaka Titiwangsa ,
_c1967
300 _av, 120 pages ;
_c18 cm
336 _2rdacontent
_atext
337 _2rdamedia
_aunmediated
338 _2rdacarrier
_avolume
650 1 0 _aMalay fiction
942 _ddc
_cB
999 _c160254
_d160254